| 000 | 00605nam a2200205Ia 4500 | ||
|---|---|---|---|
| 001 | 22740 | ||
| 003 | GE_BSU | ||
| 008 | 181216s||||||||xx |||||||||||||| ||und|| | ||
| 040 | _cGE_BSU | ||
| 080 | _a2073-9702 | ||
| 245 | _aВопросы Культурологии, №3. 2018 | ||
| 245 | _cГл. ред. Агошков Андрей Валерьевич | ||
| 260 | _aМосква | ||
| 260 | _c2018 | ||
| 300 | _a93 стр. 26см. илл. | ||
| 653 | _aВопросы Культурологии. №3. 2018 | ||
| 653 | _aПериодика | ||
| 653 | _aპერიოდიკა | ||
| 942 | _cCR | ||
| 999 |
_c55645 _d55645 |
||